| 000 | 00850cam a22002051 4500 | ||
|---|---|---|---|
| 001 | 000002376 | ||
| 005 | 20200929150205.0 | ||
| 008 | 720302m19709999mx 000 0 spa | ||
| 040 |
_aDO-SdBNP _bspa _cBNPHU |
||
| 082 |
_annn _bE18p |
||
| 100 | 1 |
_aEcheverria, Luis, _d1922- _97552 |
|
| 245 | 1 | 0 |
_aPraxis política / _cGrupo de trabajo: Fernando Cordoba Lobo... [et al.]. |
| 260 |
_aMéxico : _bCultura y Ciencia Política, A. C., _c1970. |
||
| 300 |
_av. ; _c20 cm. |
||
| 505 | 0 | _aVol. 1: "Contiene los principales pronunciamientos... del licenciado Luis Echeverría, a partir de su postulación y durante la primera etapa de su compañía electoral." | |
| 651 | 0 |
_aMéxico _xPolítica Económica _97553 |
|
| 651 | 0 |
_aMéxico _xPolitica Y Gobierno _y1946-1970. _97554 |
|
| 651 | 0 |
_aMéxico _xPolítica Social _97555 |
|
| 910 | _aCatalogación por copia / LC | ||
| 999 |
_c2216 _d2216 |
||